De la naturaleza /

Salvato in:
Dettagli Bibliografici
Autore principale: Lucrecio Caro, Tito (autor)
Natura: Libro
Lingua:spagnolo
Pubblicazione: México : Porrúa, 1985
Serie:(Sepan Cuántos ; 485)
Soggetti:
Tags: Aggiungi Tag
Nessun Tag, puoi essere il primo ad aggiungerne!!

MARC

LEADER 00000nam^a2200000^a^4500
001 000023952
005 20250521000000.0
009 20260526113844.444
020 |a 968-452-104-9 
037 |a Acervo ITESO - Biblioteca 
041 |a ESP 
082 |a 082.  |b POR V. 485 
100 |a Lucrecio Caro, Tito  |e (autor) 
245 1 0 |a De la naturaleza /  |c T. Lucrecio Caro ; pról. de Concetto Marchesi. 
264 1 |a México :  |b Porrúa,  |c 1985 
300 |a 287 p. 
336 |a texto  |b txt  |2 rdacontenido 
337 |a sin mediación  |b n  |2 rdamedio 
338 |a volumen  |b nc  |2 rdasoporte 
440 1 |a (Sepan Cuántos ;  |v 485) 
649 |a XX 
650 |a Poesía Latina 
650 |a Literatura Latina 
650 |a Literatura Clásica 
650 |a Filosofía Clásica 
910 |a Fondo General 
920 |a Impresos - Libros 
930 |a Colección General 
940 |a Literatura 
905 |a 101 
901 |a 0239520100  |b IT1  |c LIT  |i 023952  |u 20250521 
902 |a https://opac.biblio.iteso.mx/vufind/Record/000023952